Normal view
MARC view
- Basté, Joan,
Entry Nombre Personal
001 - NUMERO DE CONTROL
- campo de control: 54091
003 - IDENTIFICADOR DE NUMERO DE CONTROL
- campo de control: DLC
005 - FECHA Y HORA DE LA ÜLTIMA TRANSACCIÓN
- campo de control: 20241014104517.0
008 - DATOS DE LONGITUD FIJA
- campo de control de longitud fija: 241014|| aca||aabn | aaa d
010 ## - NÚMERO DE CONTROL DE LA BIBLIOTECA DEL CONGRESO
- Número de control LC: n 90712295
035 ## - NUMERO DE CONTROL
- Número de control: (DLC)n 90712295
040 ## - FUENTE DE CATALOGACIÓN
- Agencia original de catalogación: DLC
- Lenguaje de catalogación: spa
- Agencia de transcripción: DLC
- Agencia que lo modifica: DLC
- Agencia que lo modifica: MX-MxUPN
100 1# - ENCABEZAMIENTO - NOMBRE PERSONAL
- Nombre personal: Basté, Joan,
- Fechas asociadas con el nombre: 1920-
400 1# - VEÁSE - NOMBRE DE PERSONA
- Personal name: Basté, Juan G.,
- Dates associated with a name: 1920-
670 ## - FUENTE EN LA QUE SE LOCALIZARON DATOS
- Cita de la fuente: Autoridades LC, 14 octubre 2024 :
- Información localizada: (Basté, Joan, 1920-)
- Uniform Resource Identifier: https://lccn.loc.gov/n90712295
902 ## - CATALOGADOR
- Catalogador: MaríaRobles/141024
